Demons / (Record no. 174592)

000 -LEADER
fixed length control field 01643cam a2200397 a 4500
001 - CONTROL NUMBER
control field 12482960
003 - CONTROL NUMBER IDENTIFIER
control field Nust
005 - DATE AND TIME OF LATEST TRANSACTION
control field 20170202104117.0
008 - FIXED-LENGTH DATA ELEMENTS--GENERAL INFORMATION
fixed length control field 010726s2000 nyu b 000 1 eng d
010 ## - LIBRARY OF CONGRESS CONTROL NUMBER
LC control number 2001269805
020 ## - INTERNATIONAL STANDARD BOOK NUMBER
International Standard Book Number 9780141441412
035 ## - SYSTEM CONTROL NUMBER
System control number (OCoLC)ocm45258629
040 ## - CATALOGING SOURCE
Original cataloging agency IOS
Transcribing agency IOS
Modifying agency MBB
-- DLC
041 1# - LANGUAGE CODE
Language code of text/sound track or separate title eng
Language code of original rus
042 ## - AUTHENTICATION CODE
Authentication code lccopycat
043 ## - GEOGRAPHIC AREA CODE
Geographic area code e-ur---
050 00 - LIBRARY OF CONGRESS CALL NUMBER
Classification number PG3326
Item number .B6 2000
082 00 - DEWEY DECIMAL CLASSIFICATION NUMBER
Classification number 823
Author Mark DOS
100 1# - MAIN ENTRY--PERSONAL NAME
Personal name Dostoyevsky, Fyodor,
Dates associated with a name 1821-1881.
240 10 - UNIFORM TITLE
Uniform title Besy.
Language of a work English
245 10 - TITLE STATEMENT
Title Demons /
Statement of responsibility, etc. by Fyodor Dostoevsky ;
260 ## - PUBLICATION, DISTRIBUTION, ETC.
Place of publication, distribution, etc. New York :
Name of publisher, distributor, etc. Knopf,
Date of publication, distribution, etc. 2008.
300 ## - PHYSICAL DESCRIPTION
Extent xliii, 842 p. ;
Dimensions 21 cm.
490 0# - SERIES STATEMENT
Series statement Everyman's library ;
Volume/sequential designation 182
500 ## - GENERAL NOTE
General note First included in Everyman's Library as The Possessed, 1931.
504 ## - BIBLIOGRAPHY, ETC. NOTE
Bibliography, etc. note Includes bibliographical references (p. xxxii-xxxiii, [715]-733).
650 #0 - SUBJECT ADDED ENTRY--TOPICAL TERM
Topical term or geographic name entry element Nihilism
Form subdivision Fiction.
650 #0 - SUBJECT ADDED ENTRY--TOPICAL TERM
Topical term or geographic name entry element Terrorists
Geographic subdivision Russia
Form subdivision Fiction.
651 #0 - SUBJECT ADDED ENTRY--GEOGRAPHIC NAME
Geographic name Russia
General subdivision Social life and customs
Chronological subdivision 1533-1917
Form subdivision Fiction.
655 #7 - INDEX TERM--GENRE/FORM
Genre/form data or focus term Political fiction.
Source of term lcsh
700 1# - ADDED ENTRY--PERSONAL NAME
Personal name Pevear, Richard,
Dates associated with a name 1943-
700 1# - ADDED ENTRY--PERSONAL NAME
Personal name Volokhonsky, Larissa.
856 42 - ELECTRONIC LOCATION AND ACCESS
Materials specified Publisher description
Uniform Resource Identifier <a href="http://www.loc.gov/catdir/description/random044/2001269805.html">http://www.loc.gov/catdir/description/random044/2001269805.html</a>
856 42 - ELECTRONIC LOCATION AND ACCESS
Materials specified Contributor biographical information
Uniform Resource Identifier <a href="http://www.loc.gov/catdir/enhancements/fy1102/2001269805-b.html">http://www.loc.gov/catdir/enhancements/fy1102/2001269805-b.html</a>
906 ## - LOCAL DATA ELEMENT F, LDF (RLIN)
a 7
b cbc
c copycat
d 2
e ncip
f 20
g y-gencatlg
942 ## - ADDED ENTRY ELEMENTS (KOHA)
Source of classification or shelving scheme
Koha item type Book
Holdings
Withdrawn status Lost status Source of classification or shelving scheme Damaged status Not for loan Collection code Permanent Location Current Location Shelving location Date acquired Total Checkouts Total Renewals Full call number Barcode Checked out Date last seen Date last checked out Copy number Price effective from Koha item type
            Central Library (CL) Central Library (CL) Fiction 02/02/2017 6 7 823 DOS CL819 05/19/2026 04/19/2026 04/19/2026 1 02/02/2017 Book
© 2023 Central Library, National University of Sciences and Technology. All Rights Reserved.